Desarrollar la práctica reflexiva en el oficio de enseñar: profesionalización y razón pedagógica
Saved in:
| 主要作者: | |
|---|---|
| 格式: | 圖書 |
| 語言: | 西班牙语 |
| 出版: |
Barcelona
Graó
2007
|
| 版: | 4a. ed |
| 叢編: | Crítica y Fundamentos, 1
|
| 主題: | |
| 標簽: |
添加標簽
沒有標簽, 成為第一個標記此記錄!
|
MARC
| LEADER | 00000cam a2200000 a 4500 | ||
|---|---|---|---|
| 001 | UCG7682 | ||
| 003 | CL-VaPUC | ||
| 008 | 110905e20070700SP |||||||||||||||||spa|d | ||
| 020 | |a 9788478273232 | ||
| 082 | 0 | 4 | |a 371.102 |b PER |2 21 |
| 100 | 0 | |a Perrenoud, Philippe |e author |9 222222 | |
| 245 | 1 | 0 | |a Desarrollar la práctica reflexiva en el oficio de enseñar: profesionalización y razón pedagógica |
| 250 | |a 4a. ed | ||
| 300 | |a 224 p | ||
| 942 | |c BK | ||
| 945 | |d 20110905 00:00:00 |a dcastane | ||
| 260 | |a Barcelona |b Graó |c 2007 | ||
| 600 | 0 | 7 | |a FORMACION PROFESIONAL DE PROFESORES |2 CL-VaPUC |9 558186 |
| 600 | 0 | 7 | |a PRACTICA PROFESIONAL |2 CL-VaPUC |9 558187 |
| 600 | 0 | 7 | |a FILOSOFIA DE LA EDUCACION |2 CL-VaPUC |9 558188 |
| 600 | 0 | 7 | |a INNOVACIONES PEDAGOGICAS |2 CL-VaPUC |9 558189 |
| 583 | |a last modification |c 20190510 02:53:01 |k Rodrigo Vera | ||
| 490 | 0 | |a Crítica y Fundamentos, 1 | |
| 999 | |c 345466 |d 345464 | ||